Logística: administración de la cadena de suministro

Saved in:
Bibliografiske detaljer
Hovedforfatter: Ballou, Ronald H
Format: Bog
Sprog:spansk
Udgivet: Ciudad de México Pearson Educación 2004
Udgivelse:Quinta edición
Fag:
Online adgang:Disponible Online
Tags: Tilføj Tag
Ingen Tags, Vær først til at tagge denne postø!

MARC

LEADER 00000cam a2200000 a 4500
001 UCK0098
003 CL-VaPUC
005 20230905074220.0
008 040915e20040000MX |||||||||||||||||spa|d
999 |c 310633  |d 310631 
020 |a 9702605407 
040 |c Pontificia Universidad Católica de Valparaíso 
082 0 4 |a 658.5 BAL 2004 
100 0 |a Ballou, Ronald H  |9 488008 
245 1 0 |a Logística: administración de la cadena de suministro 
250 |a Quinta edición 
260 |a Ciudad de México  |b Pearson Educación  |c 2004 
300 |a 789 p  |e El texto incluye un software, CD-ROM 
500 |a El texto incluye un software, CD-ROM, como ayuda para la resolución de los problemas de logística y de la cadena de suministro, lo que refleja el creciente uso de la tecnología informática en la toma de decisiones administrativas 
583 |a last modification  |c 20121210 07:59:22  |k Rodrigo Vera 
650 7 |a LOGISTICA  |2 CL-VaPUC  |9 485423 
650 0 |a Administración de empresas   |9 260833 
650 0 |a Planificación estratégica   |9 259735 
856 |u http://bibliografiadigital.pucv.cl.pucv.idm.oclc.org/index.php/bibliotecapucv/catalog/book/424  |y Disponible Online  
942 |c BK  |2 ddc 
945 |d 20040915 00:00:00  |a vberengu 
952 |0 0  |1 0  |4 0  |6 658_500000000000000_BAL_2004  |7 0  |8 A  |9 379487  |a BIBING  |b BIBING  |d 2019-11-21  |i 4061101  |o 658.5 BAL 2004  |p 4061101  |r 2025-01-20  |w 2019-11-21  |y BK  |k TRA 
952 |0 0  |1 0  |4 0  |6 658_500000000000000_BAL_2004  |7 0  |8 A  |9 379488  |a BIBENE  |b BIBENE  |d 2019-11-21  |i 4055543  |o 658.5 BAL 2004  |p 4055543  |r 2025-01-15  |w 2019-11-21  |y BK  |k ICO 
952 |0 0  |1 0  |4 0  |6 658_500000000000000_BAL_2004  |7 0  |8 A  |9 379489  |a BIBING  |b BIBING  |d 2019-11-21  |i 4068963  |o 658.5 BAL 2004  |p 4068963  |r 2025-01-20  |w 2019-11-21  |y BK  |k TRA 
952 |0 0  |1 0  |4 0  |6 658_500000000000000_BAL_2004  |7 0  |8 A  |9 379490  |a BIBENE  |b BIBENE  |d 2019-11-21  |i 4079612  |o 658.5 BAL 2004  |p 4079612  |r 2025-01-15  |w 2019-11-21  |y BK  |k ICO 
952 |0 0  |1 0  |4 0  |6 658_500000000000000_BAL_2004  |7 0  |8 A  |9 379491  |a BIBING  |b BIBING  |d 2019-11-21  |i 4213661  |o 658.5 BAL 2004  |p 4213661  |r 2025-01-20  |w 2019-11-21  |y BK  |k TRA 
952 |0 0  |1 0  |4 0  |6 658_500000000000000_BAL_2004  |7 0  |8 A  |9 379492  |a BIBING  |b BIBING  |d 2019-11-21  |i 4220463  |o 658.5 BAL 2004  |p 4220463  |r 2025-01-20  |w 2019-11-21  |y BK  |k TRA 
952 |0 0  |1 0  |4 0  |6 658_500000000000000_BAL_2004  |7 0  |8 A  |9 379493  |a BIBING  |b BIBING  |d 2019-11-21  |i 4220471  |o 658.5 BAL 2004  |p 4220471  |r 2025-01-20  |w 2019-11-21  |y BK  |k TRA 
952 |0 0  |1 0  |4 0  |6 658_500000000000000_BAL_2004  |7 0  |8 A  |9 379494  |a BIBING  |b BIBING  |d 2019-11-21  |i 423071K  |l 1  |o 658.5 BAL 2004  |p 423071K  |q 2020-09-30  |r 2020-07-27  |s 2020-07-27  |w 2019-11-21  |y BK  |k TRA 
952 |0 0  |1 0  |4 0  |6 658_500000000000000_BAL_2004  |7 0  |8 A  |9 379495  |a BIBING  |b BIBING  |d 2019-11-21  |i 4298101  |o 658.5 BAL 2004  |p 4298101  |r 2025-01-20  |w 2019-11-21  |y BK  |k TRA 
952 |0 0  |1 0  |4 0  |6 658_500000000000000_BAL_2004  |7 0  |8 A  |9 379496  |a BIBING  |b BIBING  |d 2019-11-21  |i 429811K  |l 2  |o 658.5 BAL 2004  |p 429811K  |q 2024-12-31  |r 2024-07-23  |s 2024-07-23  |w 2019-11-21  |y BK  |k TRA 
952 |0 0  |1 0  |4 0  |6 658_500000000000000_BAL_2004  |7 0  |8 A  |9 379497  |a BIBING  |b BIBING  |d 2019-11-21  |i 431042K  |o 658.5 BAL 2004  |p 431042K  |r 2025-01-20  |w 2019-11-21  |y BK  |k TRA 
952 |0 0  |1 0  |4 0  |6 658_500000000000000_BAL_2004  |7 0  |8 A  |9 379500  |a BIBING  |b BIBING  |d 2019-11-21  |i 4933273  |o 658.5 BAL 2004  |p 4933273  |r 2025-01-20  |w 2019-11-21  |y BK  |k TRA 
952 |0 0  |1 0  |3 erb  |4 0  |6 658_500000000000000_BAL_2004  |7 0  |8 A  |9 379501  |a BIBING  |b BIBING  |i 5110238  |o 658.5 BAL 2004  |p 5110238  |r 2025-01-20  |w 2019-11-21  |y BK  |z Catalogado en:20140821  |k TRA 
952 |0 0  |1 0  |3 erb  |4 0  |6 658_500000000000000_BAL_2004  |7 0  |8 A  |9 379502  |a BIBING  |b BIBING  |i 5110246  |o 658.5 BAL 2004  |p 5110246  |r 2025-01-20  |w 2019-11-21  |y BK  |z Catalogado en:20140821  |k TRA 
952 |0 0  |1 0  |3 erb  |4 0  |6 658_500000000000000_BAL_2004  |7 0  |8 A  |9 379503  |a BIBING  |b BIBING  |i 5110254  |o 658.5 BAL 2004  |p 5110254  |r 2025-01-20  |w 2019-11-21  |y BK  |z Catalogado en:20140821  |k TRA 
952 |0 0  |1 0  |3 erb  |4 0  |6 658_500000000000000_BAL_2004  |7 0  |8 A  |9 379504  |a BIBING  |b BIBING  |i 5110262  |o 658.5 BAL 2004  |p 5110262  |r 2025-01-20  |w 2019-11-21  |y BK  |z Catalogado en:20140821  |k TRA 
952 |0 0  |1 0  |2 ddc  |3 erb  |4 0  |6 658_500000000000000_BAL_2004  |7 0  |8 A  |9 379505  |a BIBING  |b BIBING  |i 5242584  |o 658.5 BAL 2004  |p 5242584  |r 2025-01-20  |w 2019-11-21  |y BK  |z Catalogado en:20151016  |k Ell 
952 |0 0  |1 0  |2 ddc  |4 0  |6 658_500000000000000_BAL_2004  |7 0  |9 560937  |a BIBING  |b BIBING  |c GEN  |d 2020-03-10  |i 5617588  |o 658.5 BAL 2004  |p 5617588  |r 2025-01-20  |t 20  |w 2020-03-10  |y BK  |k Ell 
952 |0 0  |1 0  |2 ddc  |4 0  |6 658_500000000000000_BAL_2004  |7 0  |9 560938  |a BIBING  |b BIBING  |c GEN  |d 2020-03-10  |i 561757K  |o 658.5 BAL 2004  |p 561757K  |r 2025-01-20  |t 21  |w 2020-03-10  |y BK  |k Ell 
952 |0 0  |1 0  |2 ddc  |4 0  |6 658_500000000000000_BAL_2004  |7 0  |9 560939  |a BIBING  |b BIBING  |c GEN  |d 2020-03-10  |i 5617561  |o 658.5 BAL 2004  |p 5617561  |r 2025-01-20  |t 22  |w 2020-03-10  |y BK  |k Ell 
952 |0 0  |1 0  |2 ddc  |4 0  |6 658_500000000000000_BAL_2004  |7 0  |8 A  |9 560940  |a BIBING  |b BIBING  |d 2020-03-10  |i 5617553  |o 658.5 BAL 2004  |p 5617553  |r 2025-01-20  |t 23  |w 2020-03-10  |y BK  |k Ell 
952 |0 0  |1 0  |2 ddc  |4 0  |6 658_500000000000000_BAL_2004  |7 0  |8 A  |9 560942  |a BIBING  |b BIBING  |c GEN  |d 2020-03-10  |i 5617545  |o 658.5 BAL 2004  |p 5617545  |r 2025-01-20  |t 24  |w 2020-03-10  |y BK  |k Ell 
952 |0 0  |1 0  |2 ddc  |4 0  |6 658_500000000000000_BAL_2004  |7 0  |9 560943  |a BIBING  |b BIBING  |c GEN  |d 2020-03-10  |i 5617537  |o 658.5 BAL 2004  |p 5617537  |r 2025-01-20  |t 25  |w 2020-03-10  |y BK  |k Ell 
952 |0 0  |1 0  |2 ddc  |4 0  |6 658_500000000000000_BAL_2004  |7 0  |9 560944  |a BIBING  |b BIBING  |c GEN  |d 2020-03-10  |i 5617529  |o 658.5 BAL 2004  |p 5617529  |r 2025-01-20  |t 26  |w 2020-03-10  |y BK  |k Ell